Montreal City Trivia - Statistics

General Stats
  • This quiz has been taken 155 times
    55 since last reset
  • The average score is 12 of 22
Answer Stats
Hint Answer % Correct
Largest contemporary circus producer on Earth, based in Saint-Michel Cirque du {Soleil}
85%
15th Prime Minister of Canada, whom Montreal's airport is named for Pierre Trudeau
85%
Event Montreal hosted in 1976 Summer Olympics
82%
NHL team nicknamed the "Habs" Montreal Canadiens
79%
Largest rivers that flow through Greater Montreal Saint Lawrence
76%
English-language universities in Montreal McGill
73%
Highest point on the Island of Montreal, and the namesake for the city Mount Royal
70%
Original name of Montreal Ville-{Marie}
67%
Famous singer from the nearby town of Charlemagne Celine Dion
64%
Largest suburb city of Montreal Laval
61%
English-language universities in Montreal Concordia
58%
Event Montreal hosted in 1967, also known as "Expo 67" World's Fair
52%
Historic canal built across the Island of Montreal so that boats could avoid thedangerous river rapids {Lachine} Canal
45%
Airport built in 1975 to replace the original, but ceased all of its passenger flights in 2004 Mirabel
42%
Catholic basilica of Old Montreal that opened in 1829 Notre-Dame
36%
Second-largest suburb Longueuil
33%
Largest rivers that flow through Greater Montreal Ottawa River
33%
Actor of James T. Kirk in Star Trek William Shatner
30%
Mayor of Montreal during both of the above events Jean Drapeau
27%
Oldest street of Montreal, named for the city's founder Saint-{Paul}
27%
Island the above is located on Jésus
24%
Nickname that Mark Twain gave to Montreal The City of a Hundred {Steeple}s
9%
No matching quizzes found
Score Distribution
Percent of People with Each Score
Percentile by Number Answered
Your Score History
You have not taken this quiz since the last reset